All Olympic Ball Sports - Statistics

General Stats
  • This quiz has been taken 65 times
  • The average score is 10 of 15
Answer Stats
Answer % Correct
Basketball
96%
Football(Soccer)
96%
Tennis
96%
Baseball
89%
Volleyball
88%
Handball
79%
Rugby Sevens
79%
Golf
77%
Table Tennis
75%
Field Hockey
68%
Water Polo
66%
Softball
48%
Beach Volleyball
38%
Shotput
34%
Rhythmic Gymnastics
18%
No matching quizzes found
Score Distribution
Percent of People with Each Score
Percentile by Number Answered
Your Score History
You have not taken this quiz